000
00287nam a22001337a 4500
008
170213b xxu||||| |||| 00| 0 eng d
020
_a
0316717290
041
_a
eng
080
_a
61
100
_a
4
101
_a
SHM
245
_a
MANUAL OF VOICE THERAPY
_c
PRATER, R.J
942
_2
udc
_c
BK
999
_c
5290
_d
5290